Mixed Word: Companies II Quiz Stats

 Plays Quiz Updated Jan 6, 2016

Challenge
Share
Tweet
Embed
Score 0/20 Timer 03:00
0 Plays Today
Hint Company % Correct
OVLVOVOLVO
95.5%
ABODEADOBE
72.2%
ZADAMMAZDA
70.4%
FARKTKRAFT
62.7%
VORBABRAVO!
61.4%
AXRIPPIXAR
59.8%
SERCTCREST/CERTS
58.7%
OCCISCISCO
50.2%
NOYASSANYO
46.8%
KANIONOKIA
44.3%
Hint Company % Correct
SHOLKKOHL'S
42.8%
ROSCOCOORS
37.8%
TALEDDELTA
36.6%
KINNONIKON
36.3%
OGICEGEICO
32%
ACHESCHASE
30.3%
HOYOAYAHOO!
27.7%
YALESSEALY
27.5%
COALAALCOA
27.4%
THATYHYATT
14.5%

You're not logged in!

Compare scores with friends on all Sporcle quizzes.
Join for Free
OR
Log In

You Might Also Like...

Show Comments

Extras

Top Quizzes Today


Score Distribution

Your Account Isn't Verified!

In order to create a playlist on Sporcle, you need to verify the email address you used during registration. Go to your Sporcle Settings to finish the process.

Report this User

Report this user for behavior that violates our Community Guidelines.

Details: